000 00498pab a2200181 454500
008 180718b2010 xxu||||| |||| 00| 0 eng d
100 _aStaghoj, Jonas
245 _aChoosing the best training programme; is there a case for statistical treatment rules
260 _c2010
300 _ap.172-201.
362 _aApr
650 _aTraining
700 _aRosholm, Michael
700 _aSvarer, Michael
773 _aOxford Bulletin of Economics and Statistics
908 _aN
909 _a86177
999 _c86177
_d86177